| 000 | 00704nam a2200241Ia 4500 | ||
|---|---|---|---|
| 001 | 11058 | ||
| 003 | GE_BSU | ||
| 008 | 181216s||||||||xx |||||||||||||| ||und|| | ||
| 020 | _a9780415356428 | ||
| 040 | _cGE_BSU | ||
| 080 | _a378.1 | ||
| 245 | _aInnovative Assessment in Higher Education. | ||
| 245 | _cEdited by Cordelina Bryan and Karen Clegg. | ||
| 260 | _aNew York. | ||
| 260 | _bRoutledge. | ||
| 260 | _c2006. | ||
| 300 | _a233p;24cm. | ||
| 520 | _aშემოსულია ტემპუსის პროექტით. | ||
| 541 | _h123Gel. | ||
| 653 | _aInnovative Assessment in Higher Education. | ||
| 653 | _aტემპუსის პროექტით | ||
| 942 | _cBK | ||
| 999 |
_c44300 _d44300 |
||